000
00326nam a2200121Ia 4500
008
180205s9999 xx 000 0 und d
020
_a
9789719804307
100
_a
Fadul, Jose A.
245
2
_a
A workbook for a course in Rizal /
250
_a
3rd ed
260
_a
Quezon City
_b
C & E publishing
_c
2016
300
_a
v, 170 pages
999
_c
354916
_d
354916